LEADER 01199nam a2200265 u 4500 001 000000037275 003 CaOOAMICUS 005 20070226113740.0 008 980406s1940 it u000 u ita u 035 $a10789176 040 $aPUL(R)$bita 100 1 $aGiorgianni, Michele.$0(OLS)http://pul/name/28011 245 10$aContributo alla teoria dei diritti di godimento su cosa altrui /$cMichele Giorgianni. 260 $aMilano :$bA. Giuffrè,$c1940. 300 $avii, 225 p. ;$c25 cm 490 1 $aR. Università di Catania. Pubblicazioni della Facoltà di Giurisprudenza ;$v6 504 $aBibliografia in nota. 650 4$aProprietà.$0(OLS)http://pul/subject/1843 830 0$aPubblicazioni della facoltà di giurisprudenza (Università degli studi di Catania) ;$v8.$0(OLS)http://pul/title/24519 850 $aPUL 852 $aPUL$W1$xDP2 Diritto Canonico 1$y64$m167 F 96$j50951$nBK-PRI$qStampati$B50951$CPULBib$Z2$F50951 $82 941 1 $a8 961 $aTimbri: Bibliotheca Pia Pont. Seminarii Romani. 996 $6245$aContributo alla teoria dei diritti di godimento su cosa altrui$9(OLS)http://pul/title/50785 996 $6260$aMilano :$bA. Giuffrè$9(OLS)http://pul/publisher/48096 LEADER 01342nam a2200313 a 4500 001 000000170257 003 CaOOAMICUS 005 20181030165306.0 008 181030s2017 vc u000 u ita r 020 $a978-88-266-0037-6* 032 $aLibriCat 040 $aPUL$bita 082 14$a230 100 1 $aFumagalli, Aristide,$d1962-$0(OLS)http://pul/name/41540 245 10$aCamminare nell'amore : $bla teologia morale di Papa Francesco /$cAristide Fumagalli. 260 $aCittà del Vaticano :$bLibreria editrice vaticana,$c©2017. 300 $a120 p. ; $c17 cm. 490 1 $aLa teologia di papa Francesco 504 $aContiene riferimenti bibliografici. 650 4$aTeologia morale.$0(OLS)http://pul/subject/1500 830 3$aLa teologia di papa Francesco.$0(OLS)http://pul/title/210979 850 $aPUL 852 $aPUL$W1$xSL Religione 3$y85$m230 FRANC 1.7$j193150$qDDC 21$B198515$CPULBib$Z2$F198515 $H131511 $81 941 1 $a9 996 $6020$a978-88-266-0037-6*$9(OLS)http://pul/number/165133 996 $6082$a230$9(OLS)http://pul/classification/368 996 $6245$aCamminare nell'amore : $bla teologia morale di Papa Francesco$9(OLS)http://pul/title/210986 996 $6260$aCittà del Vaticano :$bLibreria editrice vaticana$9(OLS)http://pul/publisher/47920